Scusate il ritardo /

Guardat en:
Dades bibliogràfiques
Autor principal: Sinagra, Antonio (Compositor)
Altres autors: Arena, Lello (Actor), Troisi, Massimo (Director), Pavignano, Anna (Scenarist), Garofalo, Bruno, De Sio, Giuliana (Actor), Albani, Romano (Fotògraf)
Format: Diapositiva
Idioma:italià
Publicat: [Roma] : L'Unità, [1996?]
Col·lecció:Cinema Italia ; 2
Etiquetes: Afegir etiqueta
Sense etiquetes, Sigues el primer a etiquetar aquest registre!

MARC

LEADER 00000ngm a22000007i 4500
001 IT\ICCU\RAV\0278996
003 ItRI
005 20260124182921.0
008 960913s1996 it |||||||||||||||k|||||c
040 |b ita 
041 7 |a ita  |2 ISO-639-2 
082 |a 791.43617  |9 CINEMA. FILM CON SPECIFICHE CARATTERISTICHE. Commedia  |2 20 
130 0 |a Scusate il ritardo <film ; 1982>  |3 IT\ICCU\RAV\1198390 
245 0 0 |a Scusate il ritardo /  |c regia di Massimo Troisi ; soggetto di Massimo Troisi ; sceneggiatura di Massimo Troisi e Anna Pavignano ; direttore della fotografia Romano Albani ; musiche di Antonio Sinagra ; scenografia Bruno Garofalo ; costumi Bona Nasalli Rocca. 
246 1 3 |a Scusate il ritardo <videoregistrazione>  |9 IT\ICCU\SCM\0083115 
260 |a [Roma] :  |b L'Unità,  |c [1996?] 
300 |a 1 videocassetta (VHS) (109 min.) :  |b color., son 
500 |a Tit. del contenitore 
500 |a Film del 1982, prod. Mauro Berardi, Italia; interpreti: Massimo Troisi, Giuliana De Sio, Lello Arena 
500 |a Suppl. a: L'Unità. 
700 1 |a Arena, Lello  |0 IT\ICCU\BVEV\017296  |4 act 
700 1 |a Troisi, Massimo  |0 IT\ICCU\CFIV\043322  |4 drt 
700 1 |a Pavignano, Anna  |0 IT\ICCU\CFIV\043323  |4 sce 
700 1 |a Sinagra, Antonio  |0 IT\ICCU\NAPV\029466  |4 cmp 
700 1 |a Garofalo, Bruno  |0 IT\ICCU\NAPV\086739 
700 1 |a De Sio, Giuliana  |0 IT\ICCU\RAVV\097361  |4 act 
700 1 |a Albani, Romano  |0 IT\ICCU\RAVV\316058  |4 pht 
830 0 |a Cinema Italia ;  |v 2  |0 IT\ICCU\RAV\0278975 
942 |2 ddc  |c VM  |n 0 
952 |0 0  |1 0  |4 0  |6 VO_841_000000000000000  |7 0  |9 28035  |a BO  |b BO  |d 2026-01-24  |i 7803  |l 0  |o VO 841  |p BO7803  |r 2026-01-24 18:29:21  |w 2026-01-24  |x [Sebina 5] [1 videocassetta]  |y VM  |z 1 videocassetta 
981 1 |6 z01  |a b   |b xa2e  
982 1 |6 z01  |a g 
999 |c 23759  |d 23759